Uthman bin Affan : pentadbir penyayang

Bibliographic Details
Main Author: Abdul Rani Mustaffa
Format: Book
Published: Selangor : 'K 'Publishing , 2003
Series:Siri empat Khalifah
Subjects:

MARC

LEADER 00000cam a2200000 7i4500
001 0000025418
005 20090305.0
008 090224
020 |a 983852056X 
090 0 0 |a 297.648   |b ABD 
100 1 |a Abdul Rani Mustaffa 
245 1 0 |a Uthman bin Affan :   |b pentadbir penyayang   |c Abdul Rani Mustaffa 
260 |a Selangor :   |b 'K 'Publishing ,   |c 2003 
440 |a Siri empat Khalifah 
650 0 |a Caliphs 
650 0 |a Muhammad, Prophet, d. 632   |x companions 
650 0 |a Umar bin Affan, caliph, d. 656 
999 |a 0001039545   |b Book   |c Adult Collection   |e Perbadanan Perpustakaan Awam Johor